"N" Synonyms - Statistics

General Stats
  • This quiz has been taken 142 times
  • The average score is 14 of 20
Answer Stats
Words N Synonyms % Correct
Tidy Neat
98%
Unfeeling Numb
97%
Unclothed Nude / Naked
96%
Country Nation
94%
Digit Number / Numeral
93%
Baby Sitter Nanny
89%
Grandmother Nana
81%
Pasta Noodle
76%
Country-Wide National
71%
Sister Nun
71%
Infant Newborn / Neonate
67%
Christmas Noel / Navidad
65%
Pajamas Negligee / Nightgown / Nightie
55%
Convent Nunnery
53%
Crazy Nuts / Nutty
46%
Close Nearby
45%
Antsy Nervous
44%
DEA Officer Narc
42%
Author Novelist
39%
Fat Free Nonfat
31%
No matching quizzes found
Score Distribution
Percent of People with Each Score
Percentile by Number Answered
Your Score History
You have not taken this quiz